| 000 | 00555nam a2200193Ia 4500 | ||
|---|---|---|---|
| 999 |
_c33939 _d33939 |
||
| 003 | OSt | ||
| 005 | 20200916143609.0 | ||
| 008 | 190216s9999||||xx |||||||||||||| ||und|| | ||
| 020 | _a9814126608 | ||
| 040 | _coclc | ||
| 082 |
_a621.38275 _bAGR/F |
||
| 100 |
_aAgrawal, Govind P _94632 |
||
| 245 | 0 |
_aFiber Optic Communication Systems / _cGovind P Agrawal |
|
| 250 | _a3rd Ed. | ||
| 260 |
_bJohn Wiley & Sons, _aSingapore: _c2002. |
||
| 300 | _a546p | ||
| 650 | _aPhysics | ||
| 942 |
_cBK _2ddc _h621.38275 _iAGR/F _k621.38275 _mAGR/F |
||